[Event "Polanica Zdroj op-B 44th"]
[Site "Polanica Zdroj"]
[Date "2008.08.28"]
[Round "10"]
[White "Mc Aleenan, Charles"]
[Black "Hadzicki, Tomasz"]
[Result "0-1"]
[WhiteElo "1824"]
[BlackElo "1861"]
[PlyCount "76"]
[EventDate "2008.08.19"]
[EventType "swiss"]
[EventRounds "10"]
[EventCountry "POL"]
[SourceTitle "EXT 2009"]
[Source "ChessBase"]
[SourceDate "2008.11.26"]
[SourceVersion "1"]
[SourceVersionDate "2008.11.26"]
[SourceQuality "1"]

1. d4 Nf6 2. Bf4 d6 3. e3 Bf5 4. c3 c6 5. Qb3 Qb6 6. Nd2 Nbd7 7. h3 e5 8. Bh2 Be7 9. Nc4 Qc7 10. Nf3 b5 11. Ncd2 0-0 12. Be2 Be6 13. Qc2 Ne8 14. 0-0 f5 15. a4 e4 16. Ne1 Qb6 17. axb5 cxb5 18. Nb3 Rc8 19. Rd1 Nef6 20. Ra1 Kh8 21. f3 Nd5 22. Qd2 Bg5 23. f4 Bf6 24. Nc1 b4 25. Ra6 bxc3 26. bxc3 Qc7 27. c4 N5b6 28. d5 Bg8 29. Qa2 Qc5 30. Nc2 Nxc4 31. Nb3 Qxd5 32. Rd1 Qf7 33. Rxa7 Ncb6 34. Rb1 Rc3 35. Ra3 Rfc8 36. Bd1 Qc4 37. Rb2 Qd3 38. Qb1 Nc4 0-1

[Event "Polanica Zdroj op-B 44th"]
[Site "Polanica Zdroj"]
[Date "2008.08.21"]
[Round "3"]
[White "Nojszewski, Adam"]
[Black "Hadzicki, Tomasz"]
[Result "0-1"]
[WhiteElo "1995"]
[BlackElo "1861"]
[PlyCount "64"]
[EventDate "2008.08.19"]
[EventType "swiss"]
[EventRounds "10"]
[EventCountry "POL"]
[SourceTitle "CBM 126 Extra"]
[Source "ChessBase"]
[SourceDate "2008.11.05"]
[SourceVersion "1"]
[SourceVersionDate "2008.11.05"]
[SourceQuality "1"]

1. d4 Nf6 2. c4 e6 3. Nc3 Bb4 4. a3 Bxc3+ 5. bxc3 h6 6. f3 d6 7. e4 0-0 8. Bd3 e5 9. Ne2 Nc6 10. Be3 b6 11. Qd2 Na5 12. Rb1 Ba6 13. Rb5 Bxb5 14. cxb5 c5 15. d5 c4 16. Bc2 a6 17. Ba4 axb5 18. Bxb5 Qc7 19. Nc1 Nd7 20. Bxh6 f6 21. Be3 Nc5 22. Qf2 Nab3 23. Bxc4 Nxc1 24. Bxc1 Nxe4 25. fxe4 Qxc4 26. Qf3 Ra4 27. Rf1 Rc8 28. Bd2 Rxa3 29. Qh3 Ra1+ 30. Kf2 Qxf1+ 31. Kg3 Rxc3+ 32. Bxc3 Qf4# 0-1